| 000 | 00354nam a22001217a 4500 | ||
|---|---|---|---|
| 008 | 230512b |||||||| |||| 00| 0 eng d | ||
| 022 | _a0972-0030 | ||
| 040 |
_aNational Science Library _cNational Science Library |
||
| 245 | _aJournal of experimental zoology India | ||
| 260 |
_aMuzaffarnagar: _bP.R. Yadav, _c1998 |
||
| 310 | _aHalf-yearly | ||
| 942 | _cCR | ||
| 999 |
_c29605 _d29605 |
||